English and american literature; a guide to reference materials
Gardado en:
| Autor Principal: | |
|---|---|
| Formato: | Libro |
| Idioma: | Undetermined |
| Publicado: |
Berlín, Alemania
Erich schmidt
1976
|
| Materias: | |
| Etiquetas: |
Engadir etiqueta
Sen Etiquetas, Sexa o primeiro en etiquetar este rexistro!
|
MARC
| LEADER | 00000nam a2200000Ia 4500 | ||
|---|---|---|---|
| 008 | 170316s9999 xx 000 0 und d | ||
| 040 | |a cru BVZT | ||
| 090 | |a 810 S-11e | ||
| 100 | |a Schweik, Robert C. | ||
| 245 | |a English and american literature; a guide to reference materials | ||
| 260 | |a Berlín, Alemania | ||
| 260 | |b Erich schmidt | ||
| 260 | |c 1976 | ||
| 300 | |a 258 páginas | ||
| 650 | |a LITERATURA ESTADOUNIDENSE | ||
| 999 | |c 6096 |d 6096 | ||
| 942 | |c 15 D |h 810 S-11e |2 z | ||
